000
00296nam a2200133Ia 4500
008
230917s9999||||xx |||||||||||||| ||und||
020
_c
RS22
040
_e
190950
_a
MAIN
041
_a
English
082
_a
891.4391 G341M:F
100
_a
Malsiani, Arsh
245
0
_a
Fizan-e-Ghalib
942
_c
BK
999
_c
53665
_d
53665